000 00816nam a2200217 i 4500
001 85789
003 ES-MaACL
005 20250822215217.0
007 t|
008 041201s1977 sp ||||1| spa d
245 0 0 _aVisita a la región valenciana de sus Majestades los Reyes de España :
_b30 de noviembre al 3 de diciembre de 1976.
260 _a[Madrid :
_bEdiciones del Movimiento,
_c1977]
300 _a64 p., [36] h. de lám. ;
_c23 cm.
600 0 4 _aJuan Carlos
_bI,
_cRey de España-
_xViajes
_9171861
600 0 4 _aSofía,
_cReina consorte de Juan Carlos I, Rey de España-
_xViajes
_9171862
710 1 _aEspaña.
_bRey (1975-2014: Juan Carlos I)
_93961
710 2 _aEdiciones del Movimiento.
_9171800
852 _aES-MaACL
_jA-6490
852 _aES-MaACL
_jA-6282
999 _c85789
_d85789